Communes traversées par l'autoroute A86 sur une carte - Statistiques

Statistiques générales
  • Ce quiz a été pris 175 fois
  • Le résultat moyen est 23 sur 45
Réponses sur la Carte
Les réponses sont colorées sur une échelle allant du rouge au vert en fonction du pourcentage des utilisateurs qui les ont devinées à leur premier essai. Vous pouvez retrouver ces pourcentages ci-dessous.
 
Statistiques - réponses
Commune % Correct
Saint-Denis
92%
Nanterre
89%
Créteil
81%
Aubervilliers
75%
Paris
75%
Versailles
74%
Antony
70%
Bobigny
70%
Montreuil
66%
Bondy
62%
Gennevilliers
62%
Colombes
61%
Rueil-Malmaison
61%
Asnières-sur-Seine
57%
La Courneuve
56%
Drancy
54%
Fontenay-sous-Bois
53%
Noisy-le-Sec
53%
Nogent-sur-Marne
52%
Vitry-sur-Seine
52%
L'Île-Saint-Denis
51%
Alfortville
50%
Maisons-Alfort
50%
Thiais
49%
Rosny-sous-Bois
48%
Clamart
47%
Rungis
47%
Vélizy-Villacoublay
47%
Champigny-sur-Marne
44%
Joinville-le-Pont
44%
Choisy-le-Roi
43%
Villeneuve-la-Garenne
41%
Fresnes
40%
Saint-Maurice
40%
Le Perreux-sur-Marne
38%
La Celle-Saint-Cloud
37%
Châtenay-Malabry
36%
Vaucresson
32%
Viroflay
31%
Le Plessis-Robinson
30%
Ville-d'Avray
30%
Le Chesnay-Rocquencourt
25%
Marnes-la-Coquette
25%
Verrières-le-Buisson
23%
Jouy-en-Josas
21%
Aucun quiz correspondant
Distribution des résultats
% des personnes avec chaque résultat
Percentile par nombre de réponses
Votre historique - résultats
Vous n’avez pas pris ce quiz